|
|
|
|
| LEADER |
01783nam a2200325 a 4500 |
| 001 |
14937753 |
| 003 |
BD-DhAAL |
| 008 |
121011s2007 ne a b 001 0 eng d |
| 999 |
|
|
|c 12915
|d 12915
|
| 010 |
|
|
|a 2007533310
|
| 020 |
|
|
|a 9780123694171
|
| 020 |
|
|
|a 0123694175
|
| 040 |
|
|
|a DLC
|c DLC
|d DLC
|d BD-DhAAL.
|
| 082 |
0 |
0 |
|a 615.1
|2 22
|
| 245 |
0 |
0 |
|a Principles of clinical pharmacology /
|c Arthur J. Atkinson, Jr. ... [et al.].
|
| 250 |
|
|
|a Second edition
|
| 260 |
|
|
|a Amsterdam ;
|a Boston :
|b Academic Press,
|c c2007.
|
| 300 |
|
|
|a xix, 545 pages :
|b illustrations ;
|c 29 cm.
|
| 504 |
|
|
|a Includes bibliographical references.
|
| 541 |
|
|
|e 00026030
|
| 650 |
|
0 |
|a Clinical pharmacology.
|9 43804
|
| 650 |
|
0 |
|a Pharmacy.
|9 43805
|
| 700 |
1 |
|
|a Atkinson, Arthur Jr.
|9 43806
|
| 852 |
4 |
|
|a Ayesha Abed Library
|j General shelf.
|
| 942 |
|
|
|2 ddc
|c BK
|
| 952 |
|
|
|0 0
|1 0
|4 0
|6 615_100000000000000_PRI
|7 0
|9 21312
|a BRACUL
|b BRACUL
|c GEN
|d 2012-10-11
|e Trim Education
|g 9475.00
|l 0
|o 615.1 PRI
|p 3010026030
|r 2012-10-11
|t 1
|w 0000-00-00
|y BK
|x Available
|
| 952 |
|
|
|0 0
|1 0
|4 0
|6 615_100000000000000_PRI
|7 0
|9 21313
|a BRACUL
|b BRACUL
|c GEN
|d 2012-10-11
|e Trim Education
|g 9475.00
|l 1
|m 7
|o 615.1 PRI
|p 3010026031
|r 2017-06-20
|s 2017-05-04
|t 2
|w 0000-00-00
|y BK
|x Available
|
| 952 |
|
|
|0 0
|1 0
|4 0
|6 615_100000000000000_PRI
|7 0
|9 21314
|a BRACUL
|b BRACUL
|c GEN
|d 2012-10-11
|e Trim Education
|g 9475.00
|l 2
|m 8
|o 615.1 PRI
|p 3010026032
|r 2017-01-22
|s 2017-01-16
|t 3
|w 0000-00-00
|y BK
|x Available
|
| 952 |
|
|
|0 0
|1 0
|4 0
|6 615_100000000000000_PRI
|7 0
|9 21315
|a BRACUL
|b BRACUL
|c GEN
|d 2012-10-11
|e Trim Education
|g 9475.00
|l 2
|m 18
|o 615.1 PRI
|p 3010026033
|r 2017-06-20
|s 2017-05-04
|t 4
|w 0000-00-00
|y BK
|x Available
|
| 952 |
|
|
|0 0
|1 0
|2 ddc
|4 0
|6 615_100000000000000_PRI
|7 0
|9 21316
|a PHR
|b PHR
|c GEN
|d 2012-10-11
|e Trim Education
|g 9475.00
|l 0
|o 615.1 PRI
|p 3010026034
|r 2012-10-11
|t 5
|y BK
|x Available
|